Peixes - Statistics

Estatísticas Gerais
  • Esse quiz foi jogado 167 vezes
  • A pontuação média é 9 de 15
Estatísticas das Respostas
Imagem Resposta % Correto
Peixe-palhaço
100%
Tubarão martelo
96%
Cavalo marinho
93%
Peixe-espada
93%
Grande tubarão branco
89%
Arraia
88%
Baiacu
69%
Tubarão baleia
68%
Peixe Dourado
67%
Peixe-gato
40%
Barracuda
38%
Peixe Borboleta
13%
Truta arco-íris
10%
Yellow Tang
10%
Moray Eel
3%
Nenhum quiz correspondente encontrado
Distribuição das Pontuações
Porcentagem de Pessoas com Cada Pontuação
Percentil de Números Respondidos
Sua Pontuação Histórica
Você não jogou esse quiz